MARC details
| 000 -CABECERA |
| campo de control de longitud fija |
01879nam a2200301 i 4500 |
| 001 - NÚMERO DE CONTROL |
| campo de control |
ssj0002597365 |
| 003 - IDENTIFICADOR DEL NÚMERO DE CONTROL |
| campo de control |
WaSeSS |
| 005 - FECHA Y HORA DE LA ÚLTIMA TRANSACCIÓN |
| campo de control |
20250520154630.0 |
| 006 - CÓDIGOS DE INFORMACIÓN DE LONGITUD FIJA--CARACTERÍSTICAS DEL MATERIAL ADICIONAL |
| campo de control de longitud fija |
m d |
| 007 - CAMPO FIJO DE DESCRIPCIÓN FÍSICA--INFORMACIÓN GENERAL |
| campo de control de longitud fija |
cr n |
| 008 - DATOS DE LONGITUD FIJA--INFORMACIÓN GENERAL |
| campo de control de longitud fija |
210909s2022 ctu sb 001 0 eng d |
| 010 ## - NÚMERO DE CONTROL DE LA BIBLIOTECA DEL CONGRESO |
| Número de control de LC |
2021946781 |
| 020 ## - NÚMERO INTERNACIONAL ESTÁNDAR DEL LIBRO |
| Número Internacional Estándar del Libro |
9780300259698 |
| 040 ## - FUENTE DE LA CATALOGACIÓN |
| Centro catalogador/agencia de origen |
DLC |
| Lengua de catalogación |
eng |
| Centro/agencia transcriptor |
DLC |
| Centro/agencia modificador |
WaSeSS |
| 041 ## - CÓDIGO DE LENGUA |
| Código de lengua del texto/banda sonora o título independiente |
eng |
| 042 ## - CÃDIGO DE AUTENTICACIÃN |
| Código de autenticación |
pcc |
| 050 00 - SIGNATURA TOPOGRÁFICA DE LA BIBLIOTECA DEL CONGRESO |
| Número de clasificación |
HD57.7 |
| Número de documento/Ítem |
.M6396 2022 |
| 100 ## - ENTRADA PRINCIPAL--NOMBRE DE PERSONA |
| Nombre de persona |
Moore, Don A. |
| Fechas asociadas al nombre |
1970- |
| 9 (RLIN) |
25273 |
| Término indicativo de función/relación |
author |
| 245 10 - MENCIÓN DE TÍTULO |
| Título |
Decision leadership |
| Resto del título |
: empowering others to make better choices |
| Mención de responsabilidad, etc. |
/ Don A. Moore and Max H. Bazerman. |
| 260 ## - PUBLICACIÓN, DISTRIBUCIÓN, ETC. |
| Lugar de publicación, distribución, etc. |
New Haven, MA : |
| Nombre del editor, distribuidor, etc. |
Yale University Press, |
| Fecha de publicación, distribución, etc. |
2022. |
| 300 ## - DESCRIPCIÓN FÍSICA |
| Extensión |
x, 250 pages ; |
| Dimensiones |
23 cm. |
| 504 ## - NOTA DE BIBLIOGRAFÍA, ETC. |
| Nota de bibliografía, etc. |
Includes bibliographical references (pages 213-237) and index. |
| 520 ## - SUMARIO, ETC. |
| Sumario, etc. |
Leadership doesn't look like it used to. Expanding on the lessons learned from Richard H. Thaler and Cass R. Sunstein's best-selling Nudge, this book brings together research from the behavioral sciences to demonstrate how effective leadership works. While leaders have historically been lauded for their own behaviors, attributes, and decisions, this approach ignores the leader's mission to empower others. Don A. Moore and Max H. Bazerman show how effective leadership enables everyone, not just the leader, to make wise, ethical decisions consistent with their highest values. As a result, a leader's impact becomes greater because it ripples out instead of relying heavily on him or her to play the part of heroic figure. Filled with real-life stories and examples of the structures, incentives, and systems that successful leaders have used to equip others to make decisions, this study also includes cautionary tales of the consequences of ignoring these practices. |
| 650 #0 - PUNTO DE ACCESO ADICIONAL DE MATERIA--TÉRMINO DE MATERIA |
| Término de materia o nombre geográfico como elemento de entrada |
Leadership |
| 9 (RLIN) |
2600 |
| 650 #0 - PUNTO DE ACCESO ADICIONAL DE MATERIA--TÉRMINO DE MATERIA |
| Término de materia o nombre geográfico como elemento de entrada |
Decision making |
| 9 (RLIN) |
339 |
| 700 ## - ENTRADA AGREGADA--NOMBRE PERSONAL |
| Nombre de persona |
Bazerman, Max H. |
| 9 (RLIN) |
25274 |
| Término indicativo de función/relación |
author |
| 942 ## - ELEMENTOS DE ENTRADA AGREGADA (KOHA) |
| Fuente del sistema de clasificación o colocación |
Clasificación de Library of Congress |